<?xml version="1.0" encoding="UTF-8"?><?xml-stylesheet type="text/xsl" href="static/style.xsl"?><OAI-PMH xmlns="http://www.openarchives.org/OAI/2.0/" xmlns:xsi="http://www.w3.org/2001/XMLSchema-instance" xsi:schemaLocation="http://www.openarchives.org/OAI/2.0/ http://www.openarchives.org/OAI/2.0/OAI-PMH.xsd"><responseDate>2026-04-14T18:43:01Z</responseDate><request verb="GetRecord" identifier="oai:uvadoc.uva.es:10324/51187" metadataPrefix="marc">https://uvadoc.uva.es/oai/request</request><GetRecord><record><header><identifier>oai:uvadoc.uva.es:10324/51187</identifier><datestamp>2022-07-18T09:33:21Z</datestamp><setSpec>com_10324_38</setSpec><setSpec>col_10324_852</setSpec></header><metadata><record xmlns="http://www.loc.gov/MARC21/slim" xmlns:doc="http://www.lyncode.com/xoai" xmlns:xsi="http://www.w3.org/2001/XMLSchema-instance" xmlns:dcterms="http://purl.org/dc/terms/" xsi:schemaLocation="http://www.loc.gov/MARC21/slim http://www.loc.gov/standards/marcxml/schema/MARC21slim.xsd">
<leader>00925njm 22002777a 4500</leader>
<datafield tag="042" ind1=" " ind2=" ">
<subfield code="a">dc</subfield>
</datafield>
<datafield tag="720" ind1=" " ind2=" ">
<subfield code="a">García del Caño, Sara Mª</subfield>
<subfield code="e">author</subfield>
</datafield>
<datafield tag="260" ind1=" " ind2=" ">
<subfield code="c">2021</subfield>
</datafield>
<datafield tag="520" ind1=" " ind2=" ">
<subfield code="a">En Roma, la magia y la adivinación formaban parte de la religión oficial romana, y, por&#xd;
lo tanto, del día a día del ciudadano romano. Las mujeres, a diferencia de los hombres, no&#xd;
podían participar de esta religión pública oficial con la excepción de las fiestas de la Matronalia,&#xd;
la expiación de los prodigia, y el sacerdocio de las Vestales. La mujer, en el ámbito de la magia&#xd;
y adivinación en la antigüedad, está más relacionada con la hechicera mítica o la magia&#xd;
amorosa, así como con la adivinación natural no oficial. Por otro lado, la magia popular no&#xd;
oficial sí que existía en Roma y era practicada con frecuencia por los ciudadanos y las&#xd;
ciudadanas, esto puede verse en los hallazgos de las tabellae defixionum o tablillas de&#xd;
maldiciones.</subfield>
</datafield>
<datafield tag="520" ind1=" " ind2=" ">
<subfield code="a">In Rome, magic and divination were part of the official Roman religion, and therefore&#xd;
they also were part of daily life for Roman citizens. Women, unlike men, could not participate&#xd;
in official public religion apart from Matronalia Feasts, the expiation of the prodigies, and the&#xd;
Vestal priesthood. In the field of magic and divination, the woman in ancient times is more&#xd;
related to the mythical sorceress or love magic, as well as unofficial natural divination. On the&#xd;
other hand, unofficial popular magic did exist in Rome and was frequently practiced by all&#xd;
citizens (men and women), this can be seen in the findings of tabellae defixionum or cursed&#xd;
tablets.</subfield>
</datafield>
<datafield tag="024" ind2=" " ind1="8">
<subfield code="a">https://uvadoc.uva.es/handle/10324/51187</subfield>
</datafield>
<datafield tag="245" ind1="0" ind2="0">
<subfield code="a">Magia y adivinación en la Roma Clásica. Su relación con las mujeres.</subfield>
</datafield>
</record></metadata></record></GetRecord></OAI-PMH>